[Event "Lima Surco op 2nd"]
[Site "Lima"]
[Date "2017.07.16"]
[Round "6"]
[White "Suarez Aybar, Hugo Andres"]
[Black "Garceran Izquierdo, Ruben"]
[Result "0-1"]
[WhiteElo "1070"]
[BlackElo "1742"]
[PlyCount "56"]
[EventDate "2017.07.08"]
[EventType "swiss"]
[EventRounds "9"]
[EventCountry "PER"]
[SourceTitle "EXT 2018"]
[Source "ChessBase"]
[SourceDate "2017.10.13"]
[SourceVersion "1"]
[SourceVersionDate "2017.10.13"]
[SourceQuality "1"]

1. e4 c6 2. Nf3 d5 3. Nc3 Bg4 4. Be2 d4 5. Nb1 Bxf3 6. Bxf3 e5 7. d3 Nf6 8. c3 Bd6 9. 0-0 0-0 10. h3 c5 11. Be2 Qc7 12. c4 Nbd7 13. b3 a6 14. Bb2 b5 15. Nd2 Nb6 16. Rc1 Rfb8 17. f3 Qd7 18. Qc2 Nh5 19. Bd1 Qe6 20. Re1 Qg6 21. Nf1 Nf4 22. a3 bxc4 23. dxc4 Nd7 24. Qd2 Be7 25. Bc2 Bg5 26. Qd1 Nxh3+ 27. gxh3 Be3+ 28. Kh1 Qg1# 0-1